Amplitude-frequency characteristics of ladder networks

Salvato in:
Dettagli Bibliografici
Autore principale: Green, Ernest (Autore)
Natura: Libro
Lingua:inglese
Pubblicazione: Essex Marconi's Wireless 1954
Soggetti:
Tags: Aggiungi Tag
Nessun Tag, puoi essere il primo ad aggiungerne!!

MARC

LEADER 00000nam a2200000 a 4500
001 UCU5080
003 CL-VaPUC
008 960531e19540000uk |||||||||||||||||eng|d
082 0 4 |a 621.384  |b GRE  |2 21 
100 |a Green, Ernest  |e author  |9 362922 
245 1 0 |a Amplitude-frequency characteristics of ladder networks 
300 |a 155 p 
942 |c BK 
945 |d 19960531 00:00:00  |a cmena 
260 |a Essex  |b Marconi's Wireless  |c 1954 
650 7 |a FRECUENCIAS  |2 CL-VaPUC  |9 360857 
650 0 |a Propagación de ondas  |9 263256 
650 7 |a LONGITUD DE ONDA  |2 CL-VaPUC  |9 360856 
650 0 |a Ondas sonoras  |9 322250 
650 0 |a Oscilaciones   |9 344730 
583 |a last modification  |c 20171122 01:16:49  |k Rodrigo Vera 
999 |c 248568  |d 248566 
952 |0 0  |1 0  |4 0  |6 621_384000000000000_GRE_1954  |7 0  |8 A  |9 265278  |a BIBING  |b BIBING  |d 2019-11-19  |i 1672606  |o 621.384 GRE 1954  |p 1672606  |r 2025-01-20  |w 2019-11-19  |y BK  |k ING